| 000 | 00421nam a2200157Ia 4500 | ||
|---|---|---|---|
| 003 | a | ||
| 005 | 20250325110740.0 | ||
| 008 | 150202s9999 xx 000 0 und d | ||
| 050 |
_aFIC _bFIC |
||
| 100 | _aNicholas, Christopher | ||
| 245 |
_aStar wars : _bthe force awakens / _cChristopher Nicholas/. |
||
| 260 |
_aNew York : _bParragon, _c2017. |
||
| 300 |
_a181 pages : _c18 cm. |
||
| 650 | _aFiction. | ||
| 942 |
_2ddc _cBK |
||
| 999 |
_c282156 _d282156 |
||